Statistiques concernant Choisissez le bon pays#2.

Cliquez ici pour prendre le quiz!

Statistiques générales

  • Ce quiz a été pris 101 fois
  • Le résultat moyen est 5 sur 10

Statistiques - réponses

QuestionRéponse% Correct
Pays le plus proche de l'équateur
80%
Pays frontalier de la Chine
77%
Pays américain
68%
Pays bordé par l'Océan Indien
51%
Dernier pays à avoir obtenu son indépendance
49%
Pays ayant le plus de locuteurs du français
43%
Pays ayant appartenu à l'Afrique Équatoriale Française
40%
Pays le plus éloigné du précédent
38%
Pays le plus petit
37%
Pays du Commonwealth
20%

Distribution des résultats

Percentile par nombre de réponses

% des personnes avec chaque résultat

Votre développement - résultats

Vous n’avez pas pris ce quiz